Central Library OPAC University of Rajshahi

A textbook on light / (Record no. 75198)

MARC details
000 -LEADER
fixed length control field 00762cam a22002771 4500
001 - CONTROL NUMBER
control field 75198
003 - CONTROL NUMBER IDENTIFIER
rucl marc code BD-RjUL
005 - DATE AND TIME OF LATEST TRANSACTION
control field 20211209082647.0
008 - FIXED-LENGTH DATA ELEMENTS--GENERAL INFORMATION
fixed length control field 111104s1970 enka i 001 0 eng
035 ## - SYSTEM CONTROL NUMBER
System control number (BD-RjUL)
040 ## - CATALOGING SOURCE
Original cataloging agency DLC
Transcribing agency DLC
Modifying agency DLC
Language of cataloging eng
041 ## - LANGUAGE CODE
Language code of text/sound track or separate title eng
082 ## - DEWEY DECIMAL CLASSIFICATION NUMBER
Edition number 23
Classification number 535
Author mark and year MAT 1970
100 1# - MAIN ENTRY--PERSONAL NAME
Personal name Mackinnon, L.
Fuller form of name (Lachlan),
Dates associated with a name 1917-
9 (RLIN) 227545
245 12 - TITLE STATEMENT
Title A textbook on light /
Statement of responsibility, etc. K.G. Mazumdar
260 ## - PUBLICATION, DISTRIBUTION, ETC. (IMPRINT)
Place of publication, distribution, etc. [Calcutta]:
Name of publisher, distributor, etc. B.B. Brathers ,
Date of publication, distribution, etc. 1970
300 ## - PHYSICAL DESCRIPTION
Pagination 735 p.
Illustrations illus.
Size 23 cm.
500 ## - GENERAL NOTE
General note Includes Index
650 #0 - SUBJECT ADDED ENTRY--TOPICAL TERM
Topical term or geographic name as entry element Optics.
9 (RLIN) 227546
906 ## - LOCAL DATA ELEMENT F, LDF (RLIN)
a 0
b cbc
c premunv
d 3
e ncip
f 19
g y-gencatlg
942 ## - ADDED ENTRY ELEMENTS (KOHA)
Source of classification or shelving scheme Dewey Decimal Classification
Koha item type Books
Holdings
Lost status Source of classification or shelving scheme Damaged status Not for loan Collection code Permanent Location Current Location Shelving location Date acquired Source of acquisition Cost, normal purchase price Total Checkouts Full call number Date last seen Copy number Koha item type
  Dewey Decimal Classification   Not For Loan Non-fiction Central Library, University of Rajshahi Central Library, University of Rajshahi Reading Room 19/07/1973 Eureka book Agency, rajshahi 17.50   535 MAT 1970 30/01/2019 C-1 Books